Die of Death Pursuer Skins - Statistics

General Stats
  • This quiz has been taken 6 times
    5 since last reset
  • The average score is 9 of 15
Answer Stats
Picture Answer % Correct
MeQuot
100%
The Stalker
100%
Avoider
80%
Classic
80%
Iquot
80%
Zombie
80%
Bling Pursuer
60%
Clawsguy
60%
Phantasm
60%
Scary Maze
40%
Thec
40%
Zombie_1
40%
Zombie_2
40%
Seesaws
20%
Worlds Hardest Game
20%
No matching quizzes found
Score Distribution
Percent of People with Each Score
Percentile by Number Answered
Your Score History
You have not taken this quiz since the last reset